|
|
|
|
| LEADER |
01005nam a2200229 a 4500 |
| 001 |
4994917 |
| 008 |
091028s1999 vau b 000 0 eng d |
| 010 |
|
|
|a 99022842
|
| 020 |
|
|
|a 1893723003 pbk
|
| 040 |
|
|
|a DLC
|c DLC
|d DLC
|
| 082 |
0 |
0 |
|a 355.4
|2 21
|
| 100 |
1 |
|
|a Howard, Nigel.
|
| 245 |
1 |
0 |
|a Confrontation analysis :
|b how to win operations other than war /
|c Nigel Howard.
|
| 260 |
|
|
|a [Vienna, VA :
|b Evidence Based Research, Inc.,
|c 1999]
|
| 300 |
|
|
|a x, 302, 13, 4 p. ;
|c 23 cm.
|
| 490 |
0 |
|
|a CCRP publication series
|
| 504 |
|
|
|a Includes bibliographical references (p. 104 [third group]).
|
| 541 |
1 |
|
|e 00012463
|
| 651 |
|
0 |
|a United States
|x Armed Forces
|x Operations other than war.
|
| 852 |
4 |
|
|a Ayesha Abed Library
|j General Shelf.
|
| 999 |
|
|
|c 4901
|d 4901
|
| 952 |
|
|
|0 0
|1 0
|2 ddc
|4 0
|6 355_400000000000000_HOW
|7 0
|9 4726
|a BRACUL
|b BRACUL
|c GEN
|d 2009-10-28
|g 0.00
|l 0
|o 355.4 HOW
|p 3010012463
|r 2009-10-28
|t 1
|w 2009-10-28
|y BK
|x No price found in the accession register ; Previously missing book recovered on 15 September 2025
|